Valoración RICS Normas Internacionale (Record no. 121526)

MARC details
000 -LEADER
fixed length control field 00957cam a22002655a 4500
008 - FIXED-LENGTH DATA ELEMENTS--GENERAL INFORMATION
fixed length control field 230526s2020 xxk f f 000 0 eng d
020 ## - INTERNATIONAL STANDARD BOOK NUMBER
International Standard Book Number 9781783213832
041 0# - LANGUAGE CODE
Language code of text/sound track or separate title ita
110 2# - MAIN ENTRY--CORPORATE NAME
Corporate name or jurisdiction name as entry element Royal Institution of Chartered Surveyors
9 (RLIN) 4900
240 00 - UNIFORM TITLE
Uniform title Red Book
245 00 - TITLE STATEMENT
Title Valoración RICS Normas Internacionale
Remainder of title Incorporando las Normas Internacionales de Valoración
246 ## - VARYING FORM OF TITLE
Title proper/short title Spanish translation of the Global Red Book
250 ## - EDITION STATEMENT
Edition statement [Spanish edition]
260 ## - PUBLICATION, DISTRIBUTION, ETC.
Place of publication, distribution, etc. London
Name of publisher, distributor, etc. RICS
Date of publication, distribution, etc. 2020
300 ## - PHYSICAL DESCRIPTION
Extent 139p.
490 #0 - SERIES STATEMENT
Series statement RICS Professional Standard
490 ## - SERIES STATEMENT
Series statement RICS Red Book
520 ## - SUMMARY, ETC.
Summary, etc. Spanish translation
650 24 - SUBJECT ADDED ENTRY--TOPICAL TERM
Topical term or geographic name entry element RICS VALUATION STANDARDS GLOBAL EDITION
651 #4 - SUBJECT ADDED ENTRY--GEOGRAPHIC NAME
Geographic name International
651 #4 - SUBJECT ADDED ENTRY--GEOGRAPHIC NAME
Geographic name Spain
690 ## - LOCAL SUBJECT ADDED ENTRY--TOPICAL TERM (OCLC, RLIN)
Topical term or geographic name as entry element Valuation
9 (RLIN) 6273
856 ## - ELECTRONIC LOCATION AND ACCESS
Uniform Resource Identifier <a href="https://www.rics.org/content/dam/ricsglobal/documents/standards/RICS%20Valuation%20-%20Red%20Book%202020%20-%20Spanish%20translation.pdf">https://www.rics.org/content/dam/ricsglobal/documents/standards/RICS%20Valuation%20-%20Red%20Book%202020%20-%20Spanish%20translation.pdf</a>
Public note Available on RICS.org
942 ## - ADDED ENTRY ELEMENTS (KOHA)
Suppress in OPAC 0
Source of classification or shelving scheme Dewey Decimal Classification
Holdings
Withdrawn status Lost status Source of classification or shelving scheme Damaged status Not for loan Home library Current library Shelving location Date acquired Total Checkouts Full call number Date last seen Copy number Price effective from Koha item type
    Dewey Decimal Classification     Virtual Virtual Online 26/05/2023   ONLINE PUBLICATION 26/05/2023 1 26/05/2023 Online material